00746nam a2200205Ia 4500003000900000008004100009040001600050080002200066110003300088245012500121260005000246300000900296500001900305650003500324650001800359650002100377942000700398999001500405952012000420IN-BaIIA211028s9999 xx 000 0 eng d cIIA Library a083.7:534.84bISI aIndian Standards Institution 0aIndian standard code of practice for acoustical design of auditoriums and conference hallscIndian Standards Institution aNew DelhibIndian Standards Institutionc1963 a20p. aIS 2526 : 1963 a Acoustical Engineering98811 a Standards  aNASA Thesaurus  cBK c4916d4916 00104070aBANbBANcGENd1976-09-09g8.50l0o083.7:534.84/ ISIp5501r2021-11-05v8.50w1976-09-09yBKGRs. 8.50